| 000 | 00594nam a22001815i 4500 | ||
|---|---|---|---|
| 001 | 163936 | ||
| 003 | ES-MaACL | ||
| 005 | 20250911063559.0 | ||
| 008 | 981002s1875 sp |||| | spa d | ||
| 040 |
_aCLM _bspa _cCCPB | 3D |
||
| 080 | _a821.134.2-31"18" | ||
| 100 | 2 |
_aRomero Quiñones, Ubaldo, _d1843-1914 _9132033 |
|
| 245 | 1 | 0 |
_aSensitiva _b: novela filosófico-moral / _cPor Ubaldo R. Quiñones. |
| 260 |
_aMadrid : _b[s.n.], _c1875 ( _fImprenta de El Diario Español) |
||
| 300 |
_a167 p. ; _c19 cm. |
||
| 852 |
_aES-MaACL _jD-3675 _z-- Enc. hol. |
||
| 999 |
_c163936 _d163936 |
||